Statistics for Rupaul's Drag Race Winners

Click here to take the quiz!

General Stats

  • This quiz has been taken 341 times
  • The average score is 10 of 11

Answer Stats

HintAnswer% Correct
Season 1Bebe Zahara Benet
99%
Season 6Bianca Del Rio
97%
Season 8Bob The Drag Queen
96%
All Stars Season 1Chad Michaels
96%
Season 4Sharon Needles
96%
All Stars Season 2Alaska
95%
Season 3Raja Gemini
95%
Season 5Jinkx Monsoon
94%
Season 2Tyra Sanchez
94%
Season 9Sasha Velour
93%
Season 7Violet Chachki
92%

Score Distribution

Percentile by Number Answered

Percent of People with Each Score

Your Score History

You have not taken this quiz